000 00470nab a2200145Ia 4500
003 ES-SlBCS
005 20210601143955.0
008 140529s1947 xxu||||| |||| 00| 0 spa d
041 _aspa
100 1 _aÁlvarez de Linera, Antonio
_928413
245 0 0 _aLa unión religiosa de Oriente y Occidente según Solóviev
_c Antonio Álvarez De Linera
600 1 4 _aSoloviev, Vladimir
_921827
773 0 _tRazon y Fe
_gvol. 135, nº. 1, 1947, págs. 49-72
_wRev337
942 _cAR
999 _c700911
_d700911